| Tag |
First Indicator |
Second Indicator |
Subfields |
| LEADER |
00000cam a22000008 4500 |
| 001 |
in00000483721 |
| 005 |
20151013051822.0 |
| 008 |
740325r1974 nyu b 00110 eng |
| 010 |
|
|
|a 73075186
|
| 020 |
|
|
|a 080909536X
|
| 035 |
|
|
|a (OCoLC)00867502
|
| 035 |
|
|
|9 ACB2725AM
|
| 040 |
|
|
|a DLC
|c DLC
|d TXA
|d UtOrBLW
|
| 049 |
|
|
|a TXAM
|c [439537]
|
| 050 |
0 |
0 |
|a HT151
|b .B55
|
| 082 |
0 |
|
|a 301.36
|
| 100 |
1 |
|
|a Blair, Thomas Lucien Vincent.
|
| 245 |
1 |
4 |
|a The international urban crisis /
|c [by] Thomas L. Blair.
|
| 250 |
|
|
|a [1st American ed.].
|
| 264 |
|
1 |
|a New York :
|b Hill and Wang,
|c [1974]
|
| 264 |
|
4 |
|c [©1974]
|
| 300 |
|
|
|a 176 pages :
|b maps ;
|c 20 cm.
|
| 336 |
|
|
|a text
|b txt
|2 rdacontent
|
| 337 |
|
|
|a unmediated
|b n
|2 rdamedia
|
| 338 |
|
|
|a volume
|b nc
|2 rdacarrier
|
| 500 |
|
|
|a Includes index.
|
| 504 |
|
|
|a Bibliography: pages 167-172.
|
| 650 |
|
0 |
|a Cities and towns.
|
| 650 |
|
0 |
|a City planning
|y 1945-
|
| 999 |
|
|
|a MARS
|
| 999 |
f |
f |
|s 0cd08026-9651-3a2d-a18b-675e9e212311
|i f93a911e-9bbc-322f-be46-ac9f51b4d188
|t 0
|
| 952 |
f |
f |
|p ric
|a Texas A&M University
|b Rellis Campus
|c Joint Library Facility
|d Remote Storage
|t 0
|e HT151 .B55
|h Library of Congress classification
|i unmediated -- volume
|m A14802991686
|
| 998 |
f |
f |
|a HT151 .B55
|t 0
|l Remote Storage
|